Statistics for Biggest Cities in the UK

Click here to take the quiz!

General Stats

  • This quiz has been taken 33,826 times
  • The average score is 13 of 20

Answer Stats

Population City % Correct
8,174,000London
100%
503,127Manchester
97%
466,415Liverpool
92%
1,073,045Birmingham
89%
599,650Glasgow
88%
476,626Edinburgh
87%
346,090Cardiff
80%
751,485Leeds
80%
333,871Belfast
73%
280,177Newcastle
73%
428,234Bristol
63%
552,698Sheffield
59%
305,680Nottingham
53%
329,839Leicester
48%
273,369Brighton & Hove
47%
256,406Kingston upon Hull
38%
275,506Sunderland
30%
522,452Bradford
28%
316,960Coventry
27%
325,837Wakefield
7%

Score Distribution

Percentile by Number Answered

Percent of People with Each Score

Your Score History

You have not taken this quiz